ბათუმის შოთა რუსთაველის სახელმწიფო უნივერსიტეტის ბიბლიოთეკა

ლექსები და პოემები (ბიბ.ჩანაწერი № 49007)

000 -LEADER
fixed length control field 00824nam a2200205Ia 4500
001 - CONTROL NUMBER
control field 15912
003 - CONTROL NUMBER IDENTIFIER
control field GE_BSU
008 - FIXED-LENGTH DATA ELEMENTS--GENERAL INFORMATION
fixed length control field 181216s||||||||xx |||||||||||||| ||und||
040 ## - CATALOGING SOURCE
Transcribing agency GE_BSU
080 ## - UNIVERSAL DECIMAL CLASSIFICATION NUMBER
Universal Decimal Classification number 821.353.1-1 + 821.353.1-11
100 ## - MAIN ENTRY--PERSONAL NAME
Personal name ჭიჭინაძე, კონსტანტინე
245 ## - TITLE STATEMENT
Title ლექსები და პოემები
245 ## - TITLE STATEMENT
Statement of responsibility, etc. რედ.გ.ნატროშვილი. მხ.ი.გაბაშვილი
260 ## - PUBLICATION, DISTRIBUTION, ETC.
Place of publication, distribution, etc. თბილისი
260 ## - PUBLICATION, DISTRIBUTION, ETC.
Name of publisher, distributor, etc. სახელგამის მხატვრული ლიტერატურის სექტორი
260 ## - PUBLICATION, DISTRIBUTION, ETC.
Date of publication, distribution, etc. 1947
300 ## - PHYSICAL DESCRIPTION
Extent 161, [3]გვ. : 1 ჩართ. ფურც. პორტრ. ; 22სმ.
653 ## - INDEX TERM--UNCONTROLLED
Uncontrolled term ლექსები და პოემები
942 ## - ADDED ENTRY ELEMENTS (KOHA)
Koha item type წიგნი
ეგზემპლარები
Withdrawn status Lost status Damaged status Not for loan Date acquired Barcode Date last seen Price effective from Koha item type
        2018-12-17 39278 2018-12-17 2018-12-17 წიგნი
        2018-12-17 39279 2018-12-17 2018-12-17 წიგნი